01572 a2200157 45000010006000000050017000060080041000230030015000640400040000790800038001192450036001572640052001933000019002455051132002641000018013965338420260407155808.0260407a1963 arg spa dAR-UNSa-BCEJYS aAR-UNSa-BCEJYSbspacAR-UNSa-BCEJYS a911.3:33xGeografía económica10aGeografía económica general 1aBuenos Aires :bBibliográfica Argentinac1963 a485 p.c23 cm. aPrimera Parte: NOCIONES FUNDAMENTALES: 1. Dominio de la ciencia geográfica - - Segunda Parte: EL HOMBRE COMO EL FACTOR ECONOMICO: 2. El hombre - - Tercera Parte: I. GEOGRAFIA DEL INSTRUMENTAL ECONOMICO: 3. La energía – 4. Combustibles minerales solidos – 5. Petróleo – 6. Energía eléctrica - - Tercera Parte: II. INSTRUMENTAL ECONOMICO: 7. Las comunicaciones – 8. Comunicaciones y transportes terrestres – 9. Comunicaciones y transportes acuáticos – 10. Otros medios de comunicación y transporte - - Tercera Parte: III. GEOGRAFIA DEL INSTRUMENTAL ECONOMICOS: 11. Las maquinarias – 12. Dique y obras de riego - - Cuarta Parte: GEOGRAFIA DE LA PRODUCCION: 13. Minería – 14. Minerales metalíferos – 15. Minerales no metalíferos – 16. Agropecuaria – 17. Cereales, vid, caña de azúcar, café, frutas, hortalizas, etc. – 18. Fibras textiles – 19. Oleaginosos, forestales – 20. Ganadería – 21. Industria manufacturera - - Quinta Parte: GEOGRAFIA DE LA CIRCULACION O DEL COMERCIO: 22. Factores del comercio - - Sexta Parte: GEOGRAFIA DEL CONSUMO: 23. El consumo cultural humano.1 aLerner, Icael